000 00288nam a22001337a 4500
008 181029b xxu||||| |||| 00| 0 eng d
020 _a1563632039
041 _aeng
080 _a615
100 _a5
101 _aSHF
245 _aPhysicians Desk Reference
_cArky, R
942 _2udc
_cBK
999 _c51064
_d51064